Propriétaires de médias français - Statistiques

Statistiques générales
  • Ce quiz a été pris 108 fois
  • Le résultat moyen est 8 sur 15
Statistiques - réponses
Média Propriétaire % Correct
Canal + Vincent Bolloré
94%
Cnews Vincent Bolloré
94%
Europe 1 Vincent Bolloré
94%
Les Echos Bernard Arnault
75%
Le Parisien Bernard Arnault
75%
Le Monde Xavier Niel
66%
Télérama Xavier Niel
66%
BFM TV Rodolphe Saadé
55%
TF1 Famille Bouygues
51%
LCI Famille Bouygues
51%
Le Figaro Famille Dassault
37%
Libération Patrick Drahi
31%
Radio Nova Matthieu Pigasse
28%
L'Equipe Marie-Odile Amaury
13%
M6 Famille Mohn
8%
Aucun quiz correspondant
Distribution des résultats
% des personnes avec chaque résultat
Percentile par nombre de réponses
Votre historique - résultats
Vous n’avez pas pris ce quiz